| 000 | 00679nam a2200181 i 4500 | ||
|---|---|---|---|
| 001 | 96471 | ||
| 003 | ES-MaACL | ||
| 005 | 20230906181923.0 | ||
| 007 | t| | ||
| 008 | 050627s1971 sp ||||1| spa d | ||
| 100 | 1 |
_aMalagarriga, H. T. _975671 |
|
| 245 | 1 | 0 |
_aFlora de la provincia de Tarragona _b: plantas vasculares / _cpor H. T. Malagarriga. |
| 260 |
_aTarragona : _bDiputación Provincial, _c1971. |
||
| 300 |
_a293 p., lám. 1-23. : _bil. 1 map. pleg. ; _c25 cm. |
||
| 500 | _aPrecede al tít: Instituto de Estudios Tarraconenses "Ramón Berenguer IV" | ||
| 710 | 2 |
_aInstituto de Estudios Tarraconenses "Ramón Berenguer IV" _94935 |
|
| 852 |
_aES-MaACL _jC-41876 _bR.78416 |
||
| 999 |
_c96471 _d96471 |
||